000 00548nam a2200205Ia 4500
005 20250923145703.0
008 008 250917s9999 xx 000 0 eng d
037 _aTextual
040 _aDSWL
_beng
_cDSWL
041 _aeng
_2eng
084 _aX:8, N77
_qDSWL
100 _aGellerman, S.W.
_9837955
245 0 _aManagement by Motivation
_c by S.W.Gellerman
260 _aBombay
_bTaraporevala
_c1977
300 _a286 p.
365 _aINR
_b38
925 _g38
942 _cTEXL
_hX:8, N77
999 _c1454371
_d1454371